[Event "First Saturday 2010 november FM-B"]
[Site "Budapest"]
[Date "2010.11.06"]
[Round "1.1"]
[White "Wanger, Tamas"]
[Black "Vecsernyes, Norbert"]
[Result "1/2-1/2"]
[WhiteElo "1801"]
[BlackElo "1894"]
[PlyCount "32"]
[EventDate "2010.11.06"]

1. e4 e5 2. Nc3 Nf6 3. Nf3 Nc6 4. Bc4 Bc5 5. O-O d6 6. Nd5 Bg4 7. d3 Nd4 8. Bg5
O-O 9. b4 Bb6 10. a4 Nxf3+ 11. gxf3 Bh3 12. Re1 a5 13. Nxf6+ gxf6 14. Bh6 Re8
15. Qe2 Bd4 16. Kh1 Kh8 1/2-1/2

[Event "First Saturday 2010 november FM-B"]
[Site "Budapest"]
[Date "2010.11.06"]
[Round "1.1"]
[White "Toth, Antal"]
[Black "Mayer, Istvan"]
[Result "1/2-1/2"]
[WhiteElo "1670"]
[BlackElo "2049"]
[PlyCount "72"]
[EventDate "2010.11.06"]

1. e4 c5 2. Nf3 d6 3. d4 cxd4 4. Nxd4 Nf6 5. Nc3 g6 6. Be2 Bg7 7. Be3 O-O 8.
O-O Nc6 9. Qd2 Bd7 10. f4 Rc8 11. Rad1 Re8 12. Bf3 Na5 13. b3 Ng4 14. Bxg4 Bxg4
15. Nce2 Nc6 16. Nxc6 bxc6 17. c4 f5 18. exf5 gxf5 19. Rc1 e5 20. Ng3 d5 21.
cxd5 Qxd5 22. Qxd5+ cxd5 23. fxe5 Rxc1 24. Bxc1 Bxe5 25. Nxf5 Be2 26. Nh6+ Kg7
27. Nf5+ Kg6 28. Rf2 Bd3 29. g4 Bc7 30. Nh4+ Kg7 31. Bb2+ Kg8 32. Bd4 Re1+ 33.
Kg2 Re4 34. Bxa7 Rxg4+ 35. Kh3 h5 36. Nf5 Rg5 1/2-1/2

[Event "First Saturday 2010 november FM-B"]
[Site "Budapest"]
[Date "2010.11.07"]
[Round "1.2"]
[White "Mayer, Istvan"]
[Black "Kron, Gabor"]
[Result "1-0"]
[WhiteElo "2049"]
[BlackElo "1864"]
[PlyCount "61"]
[EventDate "2010.11.06"]

1. e4 d6 2. d4 Nd7 3. Bc4 e5 4. c3 g6 5. Nf3 h6 6. Na3 a6 7. Nc2 Bg7 8. Ne3
Ngf6 9. Nh4 Qe7 10. O-O Nb6 11. dxe5 dxe5 12. Bb3 Nxe4 13. g3 Bd7 14. Nd5 Nxd5
15. Bxd5 Nd6 16. Re1 g5 17. Nf3 O-O 18. Nxe5 Bxe5 19. f4 Qd8 20. Rxe5 c6 21.
Bb3 Qf6 22. Qd4 Rae8 23. Rxg5+ hxg5 24. Qxf6 Re1+ 25. Kg2 Nf5 26. Bd2 Rxa1 27.
fxg5 Rb1 28. g6 Be6 29. gxf7+ Bxf7 30. Qg6+ Ng7 31. Qxb1 1-0

[Event "First Saturday 2010 november FM-B"]
[Site "Budapest"]
[Date "2010.11.07"]
[Round "1.2"]
[White "Wanger, Tamas"]
[Black "Toth, Antal"]
[Result "1-0"]
[WhiteElo "1801"]
[BlackElo "1670"]
[PlyCount "81"]
[EventDate "2010.11.06"]

1. d4 d5 2. c4 e6 3. Nc3 Nf6 4. Bg5 c6 5. e3 Be7 6. Nf3 Nbd7 7. Bd3 O-O 8. O-O
Re8 9. a3 Nf8 10. b4 dxc4 11. Bxc4 Nd5 12. Bxe7 Qxe7 13. Nxd5 exd5 14. Be2 f6
15. Qb3 a6 16. h3 Bd7 17. a4 b5 18. axb5 axb5 19. Rxa8 Rxa8 20. Bxb5 Rb8 21.
Bd3 Qxb4 22. Qxb4 Rxb4 23. Rc1 Rb3 24. Bc2 Rc3 25. Bxh7+ Nxh7 26. Rxc3 Kf7 27.
Ne1 Ng5 28. f3 Ne6 29. Nd3 Ke7 30. Nc5 Kd6 31. Nxe6 Kxe6 32. Kf2 f5 33. g4 g6
34. Kg3 Kf6 35. h4 fxg4 36. fxg4 g5 37. h5 Be8 38. Rc5 Bd7 39. Ra5 Be8 40. Ra7
Ke6 41. h6 1-0

[Event "First Saturday 2010 november FM-B"]
[Site "Budapest"]
[Date "2010.11.08"]
[Round "1.3"]
[White "Toth, Antal"]
[Black "Vecsernyes, Norbert"]
[Result "0-1"]
[WhiteElo "1670"]
[BlackElo "1894"]
[PlyCount "66"]
[EventDate "2010.11.06"]

1. e4 e6 2. d4 d5 3. exd5 exd5 4. Bd3 c5 5. c3 Nc6 6. Be3 c4 7. Be2 b5 8. Nf3
Nf6 9. O-O a5 10. Bg5 Bd6 11. Re1 O-O 12. h3 h6 13. Be3 Re8 14. Nbd2 Ne4 15.
Nxe4 dxe4 16. Nh2 f5 17. Qc1 Qh4 18. f4 g5 19. Rf1 g4 20. hxg4 fxg4 21. Re1 g3
22. Nf1 Ne7 23. Nd2 Qh2+ 24. Kf1 Qh1+ 25. Bg1 Bxf4 26. Bg4 Bxg4 27. Qc2 Nd5 28.
Nxe4 Ne3+ 29. Rxe3 Bxe3 30. Nf6+ Kg7 31. Nxg4 Qxg1+ 32. Ke2 Bg5+ 33. Ne5 Qe3+
0-1

[Event "First Saturday 2010 november FM-B"]
[Site "Budapest"]
[Date "2010.11.08"]
[Round "1.3"]
[White "Kron, Gabor"]
[Black "Wanger, Tamas"]
[Result "1-0"]
[WhiteElo "1864"]
[BlackElo "1801"]
[PlyCount "35"]
[EventDate "2010.11.06"]

1. e4 e6 2. d3 d5 3. Nd2 Nf6 4. g3 c5 5. Bg2 Nc6 6. f4 e5 7. fxe5 Nxe5 8. exd5
Bg4 9. Ngf3 Qxd5 10. O-O Bd6 11. Qe1 O-O-O 12. Nxe5 Qxe5 13. Ne4 Qh5 14. Qa5
Bh3 15. Nxd6+ Rxd6 16. Bf4 Rb6 17. Qxa7 Bxg2 18. Qxb6 1-0

[Event "First Saturday 2010 november FM-B"]
[Site "Budapest"]
[Date "2010.11.09"]
[Round "1.4"]
[White "Vecsernyes, Norbert"]
[Black "Mayer, Istvan"]
[Result "0-1"]
[WhiteElo "1894"]
[BlackElo "2049"]
[PlyCount "60"]
[EventDate "2010.11.06"]

1. d4 e5 2. dxe5 Nc6 3. Nf3 Qe7 4. Bf4 Qb4+ 5. Bd2 Qxb2 6. Nc3 a6 7. Nd5 Kd8 8.
Ng5 Nh6 9. Bc3 Bb4 10. Bxb4 Nxb4 11. Rb1 Nxc2+ 12. Kd2 Qxe5 13. Kxc2 Qxg5 14.
Qd4 d6 15. Rc1 Be6 16. e4 Bxd5 17. exd5 Qe5 18. Qc4 Nf5 19. Kb1 Rc8 20. Bd3 Ne7
21. Be4 Re8 22. g3 b5 23. Qd3 f5 24. Bf3 Qf6 25. Rhe1 Ng6 26. Re6 Rxe6 27. dxe6
Qxe6 28. Bb7 Rb8 29. Bxa6 Qe4 30. Qxe4 fxe4 0-1

[Event "First Saturday 2010 november FM-B"]
[Site "Budapest"]
[Date "2010.11.09"]
[Round "1.4"]
[White "Toth, Antal"]
[Black "Kron, Gabor"]
[Result "1/2-1/2"]
[WhiteElo "1670"]
[BlackElo "1864"]
[PlyCount "175"]
[EventDate "2010.11.06"]

1. e4 d6 2. d4 g6 3. Nf3 Bg7 4. Nc3 Nd7 5. Be2 e5 6. Be3 c6 7. Qd2 h5 8. O-O
Nh6 9. h3 f6 10. Rad1 Qe7 11. d5 c5 12. Nh4 Nf8 13. f4 Nf7 14. f5 g5 15. Nf3
Bd7 16. Nb5 Qd8 17. a4 a6 18. Nc3 Bh6 19. Nh2 Bg7 20. b3 Rb8 21. Nb1 b5 22.
axb5 axb5 23. Na3 b4 24. Nc4 Bb5 25. Ra1 Nd7 26. Qd1 h4 27. Ra7 Bf8 28. Bh5
Bxc4 29. bxc4 Be7 30. Bg6 Ra8 31. Qa1 Nb6 32. Ng4 O-O 33. Qa6 Qb8 34. Rxa8 Nxa8
35. Ra1 Kg7 36. Bxf7 Kxf7 37. Ra5 Nc7 38. Qa7 Rc8 39. Ra1 Qa8 40. Kf1 Bd8 41.
Ke2 Qxa7 42. Rxa7 Ra8 43. Rxa8 Nxa8 44. Kd3 Ke7 45. Bc1 Kd7 46. Bb2 Nb6 47. Bc1
Na4 48. Nh2 Kc7 49. Nf3 Kb6 50. Nd2 Kc7 51. Ke3 Kd7 52. Nb3 Ke7 53. Kd3 Kf7 54.
Nd2 Kg7 55. Nb3 Kh6 56. Na1 Kh5 57. Nb3 Nc3 58. Bd2 Na4 59. Bc1 g4 60. Na1 Be7
61. Nb3 Bf8 62. Na5 Nc3 63. Nb3 g3 64. Bd2 Na4 65. Bc1 Nc3 66. Bd2 Nd1 67. Bc1
Bh6 68. Bxh6 Kxh6 69. Nd2 Kh5 70. Ke2 Nb2 71. Ke3 Kg5 72. Nf3+ Kh5 73. Nd2 Na4
74. Nf3 Nb6 75. Nd2 Nd7 76. Nf3 Nf8 77. Kd3 Nh7 78. Ke3 Nf8 79. Nd2 Nd7 80. Nf3
Nb6 81. Kd3 Na4 82. Nd2 Kg5 83. Ke3 Nc3 84. Nf3+ Kh5 85. Kd3 Nd1 86. Ke2 Nb2
87. Nd2 Kg5 88. Ke3 1/2-1/2

[Event "First Saturday 2010 november FM-B"]
[Site "Budapest"]
[Date "2010.11.10"]
[Round "1.5"]
[White "Kron, Gabor"]
[Black "Vecsernyes, Norbert"]
[Result "1/2-1/2"]
[WhiteElo "1864"]
[BlackElo "1894"]
[PlyCount "78"]
[EventDate "2010.11.06"]

1. e4 e6 2. d3 d5 3. Nd2 Nf6 4. g3 b6 5. e5 Nfd7 6. d4 c5 7. c3 Nc6 8. Ne2 b5
9. Bg2 Qb6 10. Nf3 a5 11. O-O c4 12. Be3 b4 13. Rb1 Be7 14. Qd2 O-O 15. h3 f6
16. exf6 Nxf6 17. Ne5 Qc7 18. Bf4 Bd6 19. Nxc6 Qxc6 20. Be3 Bb7 21. f4 Bc8 22.
Rfe1 Qa4 23. Ra1 Rb8 24. g4 Bd7 25. Ng3 bxc3 26. bxc3 Qa3 27. Rab1 Bc6 28. g5
Nd7 29. Ne2 Nb6 30. h4 Na4 31. Bh3 Bd7 32. Qc2 Rb2 33. Rxb2 Qxb2 34. Qxb2 Nxb2
35. Rb1 Rb8 36. Bc1 Nd3 37. Rxb8+ Bxb8 38. Bd2 Kf7 39. Bg2 g6 {after 15 move}
1/2-1/2

[Event "First Saturday 2010 november FM-B"]
[Site "Budapest"]
[Date "2010.11.10"]
[Round "1.5"]
[White "Mayer, Istvan"]
[Black "Wanger, Tamas"]
[Result "1-0"]
[WhiteElo "2049"]
[BlackElo "1801"]
[PlyCount "53"]
[EventDate "2010.11.06"]

1. d4 d5 2. Bf4 Bf5 3. e3 e6 4. Nf3 Nf6 5. c3 c5 6. Qa4+ Qd7 7. Bb5 Nc6 8. Ne5
Qc8 9. Nxc6 bxc6 10. Bxc6+ Nd7 11. Bxa8 Qxa8 12. Na3 Ke7 13. Nb5 a6 14. Nc7 Qb7
15. O-O g5 16. Bg3 f6 17. Qxa6 Qxb2 18. Qd6+ Kd8 19. Nxe6+ Ke8 20. Nxf8 Rxf8
21. Qxd5 Bg6 22. dxc5 Qb5 23. Qe6+ Kd8 24. c6 Bf5 25. Qd6 Qc5 26. c7+ Kc8 27.
Qa6# 1-0

[Event "First Saturday 2010 november FM-B"]
[Site "Budapest"]
[Date "2010.11.11"]
[Round "2.1"]
[White "Vecsernyes, Norbert"]
[Black "Wanger, Tamas"]
[Result "0-1"]
[WhiteElo "1894"]
[BlackElo "1801"]
[PlyCount "68"]
[EventDate "2010.11.06"]

1. e4 e6 2. c4 d5 3. cxd5 exd5 4. exd5 Nf6 5. d4 Be7 6. Nf3 Nxd5 7. a3 Nd7 8.
Nc3 N7f6 9. Bc4 Nb6 10. Bd3 O-O 11. O-O Be6 12. Re1 h6 13. Bf4 c6 14. Qe2 Re8
15. Ne4 Nbd5 16. Be5 Ng4 17. Bg3 Ndf6 18. Nc3 Nh5 19. Be5 Nxe5 20. Qxe5 Nf6 21.
Ne4 Ng4 22. Qf4 Nf6 23. Nxf6+ Bxf6 24. Qe4 g6 25. Ne5 Bf5 26. Qf3 Bxd3 27. Nxd3
Qxd4 28. b4 Bg7 29. Nc5 Qd5 30. Qxd5 cxd5 31. Rad1 Rxe1+ 32. Rxe1 b6 33. Nd3
Rc8 34. g3 Kf8 0-1

[Event "First Saturday 2010 november FM-B"]
[Site "Budapest"]
[Date "2010.11.11"]
[Round "2.1"]
[White "Mayer, Istvan"]
[Black "Toth, Antal"]
[Result "1-0"]
[WhiteElo "2049"]
[BlackElo "1670"]
[PlyCount "79"]
[EventDate "2010.11.06"]

1. e4 c5 2. Nf3 d6 3. Bc4 e6 4. O-O Nf6 5. Re1 Be7 6. Bb3 Nc6 7. c3 Bd7 8. d4
cxd4 9. cxd4 O-O 10. e5 Nd5 11. Nc3 Nxc3 12. bxc3 Na5 13. Bc2 g6 14. exd6 Bxd6
15. Bh6 Re8 16. Ng5 Bf8 17. Qf3 Re7 18. Bxf8 Qxf8 19. d5 e5 20. d6 Ree8 21. Qd5
Nc6 22. Bb3 Be6 23. Qf3 Bxb3 24. axb3 Kg7 25. b4 a6 26. Rad1 Rad8 27. Ne4 f5
28. Nc5 e4 29. Qg3 Ne5 30. f4 Nc4 31. d7 Re7 32. Rd4 b5 33. Red1 Qf6 34. Nb7
Re6 35. Qg5 Qxg5 36. fxg5 Rxd7 37. Rxd7+ Kf8 38. Rd8+ Re8 39. Rxe8+ Kxe8 40.
Nd6+ 1-0

[Event "First Saturday 2010 november FM-B"]
[Site "Budapest"]
[Date "2010.11.12"]
[Round "2.2"]
[White "Kron, Gabor"]
[Black "Mayer, Istvan"]
[Result "0-1"]
[WhiteElo "1864"]
[BlackElo "2049"]
[PlyCount "50"]
[EventDate "2010.11.06"]

1. g3 d5 2. Bg2 g6 3. d3 Bg7 4. Nd2 Nf6 5. e4 c6 6. h3 Nbd7 7. Qe2 dxe4 8. dxe4
e5 9. b3 O-O 10. Ngf3 Re8 11. Bb2 Qc7 12. Rd1 b5 13. O-O a5 14. c4 Ba6 15. Rc1
Qb8 16. Rc2 a4 17. Rfc1 bxc4 18. bxc4 Bh6 19. g4 Bf4 20. Ba3 Qa7 21. Bf1 Nc5
22. Rb1 Rad8 23. Rcb2 Ne6 24. Rb6 Nd4 25. Bc5 Nxe2+ 0-1

[Event "First Saturday 2010 november FM-B"]
[Site "Budapest"]
[Date "2010.11.12"]
[Round "2.2"]
[White "Toth, Antal"]
[Black "Wanger, Tamas"]
[Result "1/2-1/2"]
[WhiteElo "1670"]
[BlackElo "1801"]
[PlyCount "45"]
[EventDate "2010.11.06"]

1. e4 e6 2. d4 d5 3. exd5 exd5 4. c4 dxc4 5. Bxc4 Nf6 6. Nc3 Be7 7. Nge2 O-O 8.
O-O Nbd7 9. Re1 Nb6 10. Bb3 Bf5 11. Ng3 Bg6 12. f4 h6 13. f5 Bh7 14. Bf4 c6 15.
Qd2 Re8 16. Rad1 Nfd5 17. Be5 Bg5 18. Qf2 Kh8 19. Nxd5 Nxd5 20. Bxd5 cxd5 21.
Bf4 Bxf4 22. Qxf4 Qf6 23. Rf1 1/2-1/2

[Event "First Saturday 2010 november FM-B"]
[Site "Budapest"]
[Date "2010.11.13"]
[Round "2.3"]
[White "Vecsernyes, Norbert"]
[Black "Toth, Antal"]
[Result "1-0"]
[WhiteElo "1894"]
[BlackElo "1670"]
[PlyCount "107"]
[EventDate "2010.11.06"]

1. d4 d5 2. c4 e6 3. Nc3 Nf6 4. Bg5 c6 5. e3 Be7 6. Nf3 O-O 7. cxd5 exd5 8. Qc2
Nbd7 9. Bd3 Re8 10. O-O Nf8 11. Rab1 a5 12. a3 b5 13. Ne5 Bb7 14. b4 a4 15.
Rbc1 Bd6 16. f4 h6 17. Bh4 Be7 18. Kh1 Qd6 19. Rf3 N8d7 20. Rg1 Nf8 21. g4 N6d7
22. Bxe7 Rxe7 23. g5 h5 24. g6 fxg6 25. Bxg6 Nxg6 26. Rxg6 Re6 27. Rfg3 Rxg6
28. Rxg6 Nf6 29. Qf5 Qe7 30. Qg5 Re8 31. Ne2 Ne4 32. Qxh5 Rc8 33. Ng1 c5 34.
dxc5 Nxc5 35. bxc5 d4+ 36. c6 Ba8 37. Qf5 Rc7 38. Qe6+ Kh7 39. Qxe7 Rxe7 40.
Rg3 dxe3 41. Ne2 Re6 42. Kg1 Bxc6 43. Nxc6 Rxc6 44. Rxe3 Rc4 45. Rc3 Re4 46.
Kf2 b4 47. Kf3 Rxe2 48. Kxe2 bxc3 49. Kd3 Kg6 50. Kxc3 Kf5 51. Kb4 Kxf4 52.
Kxa4 Ke4 53. Kb5 Kd5 54. a4 1-0

[Event "First Saturday 2010 november FM-B"]
[Site "Budapest"]
[Date "2010.11.13"]
[Round "2.3"]
[White "Wanger, Tamas"]
[Black "Kron, Gabor"]
[Result "1/2-1/2"]
[WhiteElo "1801"]
[BlackElo "1864"]
[PlyCount "64"]
[EventDate "2010.11.06"]

1. d4 d6 2. c4 Nd7 3. e4 g6 4. Nc3 Bg7 5. Nge2 e5 6. d5 Ne7 7. Ng3 O-O 8. Be2
h6 9. h4 f5 10. exf5 gxf5 11. Nh5 Nf6 12. Nxg7 Kxg7 13. Bd2 c6 14. dxc6 bxc6
15. f4 e4 16. Be3 Be6 17. Qc2 Kh7 18. O-O-O d5 19. Bd4 Qa5 20. Rhg1 Rad8 21.
Bxf6 Rxf6 22. Qd2 d4 23. Nxe4 Qxd2+ 24. Nxd2 c5 25. Nf3 Rg8 26. Ne5 Ng6 27.
Nxg6 Rfxg6 28. Bd3 Rxg2 29. Rxg2 Rxg2 30. Re1 Rg3 31. Kd2 Rg2+ 32. Kc1 Rg3
1/2-1/2

[Event "First Saturday 2010 november FM-B"]
[Site "Budapest"]
[Date "2010.11.14"]
[Round "2.4"]
[White "Mayer, Istvan"]
[Black "Vecsernyes, Norbert"]
[Result "1-0"]
[WhiteElo "2049"]
[BlackElo "1894"]
[PlyCount "43"]
[EventDate "2010.11.06"]

1. e4 e6 2. d4 d5 3. Nc3 Nf6 4. Bg5 dxe4 5. Nxe4 Be7 6. Ng3 Nbd7 7. Nf3 c5 8.
c3 cxd4 9. Nxd4 O-O 10. Bd3 Qb6 11. Qe2 Nc5 12. Bc2 a5 13. O-O h6 14. Bc1 Rd8
15. Nh5 Nxh5 16. Qxh5 Rd5 17. Qe2 Bf6 18. Be3 Nd7 19. Bb3 Bxd4 20. Bxd4 Rxd4
21. cxd4 Qxd4 22. Rad1 1-0

[Event "First Saturday 2010 november FM-B"]
[Site "Budapest"]
[Date "2010.11.14"]
[Round "2.4"]
[White "Kron, Gabor"]
[Black "Toth, Antal"]
[Result "1-0"]
[WhiteElo "1864"]
[BlackElo "1670"]
[PlyCount "35"]
[EventDate "2010.11.06"]

1. e4 c5 2. Ne2 e5 3. Nbc3 Nf6 4. g3 d6 5. Bg2 a6 6. a4 Nc6 7. h3 Bd7 8. O-O
Be7 9. d3 O-O 10. f4 Qc8 11. f5 Nb4 12. g4 Kh8 13. Ng3 Ne8 14. g5 f6 15. h4 Nc6
16. Qh5 Nd4 17. Rf2 Nc7 18. g6 1-0

[Event "First Saturday 2010 november FM-B"]
[Site "Budapest"]
[Date "2010.11.15"]
[Round "2.5"]
[White "Vecsernyes, Norbert"]
[Black "Kron, Gabor"]
[Result "1/2-1/2"]
[WhiteElo "1894"]
[BlackElo "1864"]
[PlyCount "22"]
[EventDate "2010.11.06"]

1. d4 d6 2. c4 Bf5 3. Nc3 Nd7 4. e4 Bg6 5. f4 e6 6. Nf3 Be7 7. Be2 Ngf6 8. e5
Ne4 9. Nxe4 Bxe4 10. Bd3 Bxd3 11. Qxd3 O-O 1/2-1/2

[Event "First Saturday 2010 november FM-B"]
[Site "Budapest"]
[Date "2010.11.15"]
[Round "2.5"]
[White "Wanger, Tamas"]
[Black "Mayer, Istvan"]
[Result "0-1"]
[WhiteElo "1801"]
[BlackElo "2049"]
[PlyCount "70"]
[EventDate "2010.11.06"]

1. d4 Nf6 2. c4 g6 3. Nc3 Bg7 4. e4 d6 5. Nge2 c6 6. Ng3 h5 7. h4 a6 8. a4 b6
9. Be2 Nbd7 10. f4 Ng4 11. f5 e5 12. fxe6 fxe6 13. Bxg4 hxg4 14. Qxg4 Nf8 15.
Bg5 e5 16. Qf3 Qc7 17. d5 Nh7 18. Be3 Nf6 19. Bg5 Rf8 20. Bxf6 Bxf6 21. Qe3 c5
22. h5 Qg7 23. O-O Bg4 24. hxg6 Qxg6 25. Nf5 Kd7 26. Qd3 Rh8 27. Ne2 Bg5 28.
Neg3 Bf4 29. Qb3 Rab8 30. a5 b5 31. Qc3 bxc4 32. Qxc4 Bxf5 33. Nxf5 Rxb2 34.
Rf2 Rh1+ 35. Kxh1 Qh5+ 0-1